Normal view
MARC view
- Dhogal, PS
Entry Personal Name
001 - CONTROL NUMBER
- control field: 7209
003 - CONTROL NUMBER IDENTIFIER
- control field: OSt
005 - DATE AND TIME OF LATEST TRANSACTION
- control field: 20250221121029.0
008 - FIXED-LENGTH DATA ELEMENTS
- fixed length control field: 250221|| aca||aabn | a|a d
040 ## - CATALOGING SOURCE
- Original cataloging agency: OSt
- Transcribing agency: OSt
100 ## - HEADING--PERSONAL NAME
- Personal name: Dhogal, PS
670 ## - SOURCE DATA FOUND
- Source citation: Work cat.: (OSt)19427: Dhogal, PS, Basic Electrical Engineering with Numerical Problems Volume 11, 1999.
